(Khmer) Momotaro: (Record no. 50043)
| 000 -LEADER | |
|---|---|
| fixed length control field | 00336nam a2200121 4500 |
| 020 ## - INTERNATIONAL STANDARD BOOK NUMBER | |
| International Standard Book Number | 9789996305573 |
| 245 ## - TITLE STATEMENT | |
| Title | (Khmer) Momotaro: |
| Remainder of title | a japanese traditional tale / |
| Statement of responsibility, etc | Takakazu Yamada. |
| 250 ## - EDITION STATEMENT | |
| Edition statement | 5th ed. |
| 260 ## - PUBLICATION, DISTRIBUTION, ETC. (IMPRINT) | |
| Place of publication, distribution, etc | Cambodia: |
| Name of publisher, distributor, etc | Sipar; |
| Date of publication, distribution, etc | 2021. |
| 300 ## - PHYSICAL DESCRIPTION | |
| Extent | 47 p. |
| Other physical details | col. ill. |
| Dimensions | 19 cm. |
| 490 ## - SERIES STATEMENT | |
| Series statement | I can read; |
| 942 ## - ADDED ENTRY ELEMENTS (KOHA) | |
| Source of classification or shelving scheme | |
| Koha item type | Khmer Fic Books |
| Withdrawn status | Lost status | Source of classification or shelving scheme | Damaged status | Not for loan | Collection code | Home library | Current library | Date acquired | Total Checkouts | Full call number | Barcode | Checked out | Date last seen | Date checked out | Price effective from | Koha item type |
|---|---|---|---|---|---|---|---|---|---|---|---|---|---|---|---|---|
| Siem Riep | Asian Hope Secondary Library | Asian Hope Secondary Library | 01/13/2026 | 4 | KHMER J FIC YAM | 210176 | 05/05/2026 | 04/28/2026 | 04/28/2026 | 01/13/2026 | Khmer Fic Books |